000
00274nam a2200109Ia 4500
008
240109s9999 xx 000 0 und d
041
_a
eng
100
_a
L.Gartside
245
_a
Modern Business Correspondence 4th Ed
260
_b
Pitman Hongkong
650
_a
Management
999
_c
1020575
_d
1020575